| 000 | 00924nam a2200217 i 4500 | ||
|---|---|---|---|
| 001 | 27344 | ||
| 003 | ES-MaACL | ||
| 005 | 20250712032629.0 | ||
| 007 | t| | ||
| 008 | 030114s1915 sp ||||1| spa d | ||
| 080 | _a94(100)"1914/18" | ||
| 245 | 0 | 4 |
_aLas atrocidades alemanas : _basesinatos, robos, incendios, violaciones cometidas por las tropas alemanas en Francia (relato oficial de la Comisión nombrada por el Gobierno francés para averiguar y atestiguar estos crímenes) / _ctraducción literal por V. Blasco Ibáñez. |
| 260 |
_aValencia : _bPrometeo, _c1915. |
||
| 300 |
_a77 p. ; _c15 cm. |
||
| 650 | 1 | 4 |
_aGuerra mundial, 1914-1918- _xDestrucciones y saqueos. _913218 |
| 650 | 4 |
_aGuerra mundial, 1914-1918- _xAtrocidades. _9171324 |
|
| 650 | 4 |
_aGuerra mundial, 1914-1918- _zFrancia. _913219 |
|
| 700 | 1 |
_aBlasco Ibáñez, Vicente, _d1867-1928 _929388 |
|
| 852 |
_aES-MaACL _jT-1443-F-3 |
||
| 999 |
_c27344 _d27344 |
||